Integrated Approach to Software Engineering (Record no. 6380)
[ view plain ]
| 000 -LEADER | |
|---|---|
| fixed length control field | 00319nam a2200121Ia 4500 |
| 008 - FIXED-LENGTH DATA ELEMENTS--GENERAL INFORMATION | |
| fixed length control field | 191201s1999 xx 000 0 und d |
| 100 ## - MAIN ENTRY--PERSONAL NAME | |
| Personal name | JALOTE,Pankaj |
| 245 #0 - TITLE STATEMENT | |
| Title | Integrated Approach to Software Engineering |
| 260 ## - PUBLICATION, DISTRIBUTION, ETC. (IMPRINT) | |
| Place of publication, distribution, etc | N. Delhi |
| Name of publisher, distributor, etc | Narosa Publication |
| Date of publication, distribution, etc | 1999 |
| 300 ## - PHYSICAL DESCRIPTION | |
| Extent | 497 |
| 650 ## - SUBJECT ADDED ENTRY--TOPICAL TERM | |
| Topical term or geographic name as entry element | B.Tech(CSE) |
| 942 ## - ADDED ENTRY ELEMENTS (KOHA) | |
| Source of classification or shelving scheme | Dewey Decimal Classification |
| Koha item type | Text Books |
| Withdrawn status | Lost status | Source of classification or shelving scheme | Damaged status | Not for loan | Collection code | Home library | Current library | Date acquired | Source of acquisition | Cost, normal purchase price | Bill Number | Total Checkouts | Full call number | Acc. no. / Barcode | Date last seen | Date last borrowed | Actual Cost, discounted price | Bill Date | Koha item type |
|---|---|---|---|---|---|---|---|---|---|---|---|---|---|---|---|---|---|---|---|
| Dewey Decimal Classification | B.Tech(CSE) | PIET C-LIBRARY | PIET C-LIBRARY | 29/05/2015 | PANKAJ BOOK DEPOT PANIPAT | 250.00 | AS390 | 1 | 005.1 JAI | 26726 | 30/03/2022 | 28/03/2022 | 170.00 | 25/05/2015 | Text Books | ||||
| Dewey Decimal Classification | B.Tech(CSE) | PIET C-LIBRARY | PIET C-LIBRARY | 29/05/2015 | PANKAJ BOOK DEPOT PANIPAT | 250.00 | AS390 | 005.1 JAI | 26727 | 04/12/2019 | 170.00 | 25/05/2015 | Text Books | ||||||
| Dewey Decimal Classification | B.Tech(CSE) | PIET C-LIBRARY | PIET C-LIBRARY | 29/05/2015 | PANKAJ BOOK DEPOT PANIPAT | 250.00 | AS390 | 2 | 005.1 JAI | 26728 | 26/05/2025 | 15/05/2025 | 170.00 | 25/05/2015 | Text Books |